| 000 | 00367nam a22001337a 4500 | ||
|---|---|---|---|
| 008 | 151024b xxu||||| |||| 00| 0 eng d | ||
| 020 | _a9780571249626 | ||
| 050 | _aPR9390.9.G3.B6 | ||
| 100 |
_aGappah, Petina _920520 |
||
| 245 |
_aThe book of Memory _c/ Petina Gappah |
||
| 260 |
_aLondon _bFaber and Faber _c2015 |
||
| 300 |
_a274p. _c24cm. |
||
| 942 |
_2lcc _cMONOGRAPH |
||
| 999 |
_c123604 _d123604 |
||